Oil sparks in the Amazon : local conflicts, indigenous populations, and natural resources /

"For decades, studies of oil-related conflicts focused on the causes and effects of natural resources mismanagement, commonly known as the "resource curse"-the paradoxical connection between oil wealth and economic busts (as in Venezuela) or, in a later twist, the link between the pre...

Full description

Bibliographic Details
Main Author: Vasquez, Patricia I.
Corporate Author: ebrary, Inc
Format: eBook
Language:English
Published: Athens, Georgia : University of Georgia Press, [2014]
Series:Studies in security and international affairs.
Subjects:
Online Access:Connect to the full text of this electronic book

MARC

Tag First Indicator Second Indicator Subfields
LEADER 00000cam a2200000 i 4500
001 in00003474921
006 m o d
007 cr cn|||||||||
008 130508s2014 gauabd ob 001 0 eng|d
005 20250816210740.5
020 |z 9780820345611 (hardback) 
020 |z 082034561X (hardcover) 
020 |z 9780820345628 (paperback) 
020 |a 9780820346380 (e-book) 
035 |a (CaPaEBR)ebr10775347 
035 |a (OCoLC)867122179 
040 |a CaPaEBR  |b eng  |e rda  |e pn  |c CaPaEBR  |d UtOrBLW 
043 |a s------ 
050 1 4 |a HD9574.S62  |b V37 2014eb 
082 0 4 |a 333.8/23098  |2 23 
100 1 |a Vasquez, Patricia I. 
245 1 0 |a Oil sparks in the Amazon :  |b local conflicts, indigenous populations, and natural resources /  |c Patricia I. Vásquez. 
264 1 |a Athens, Georgia :  |b University of Georgia Press,  |c [2014] 
264 4 |c ©2014 
300 |a 1 online resource (210 pages) :  |b illustrations, maps. 
336 |a text  |b txt  |2 rdacontent 
337 |a computer  |b c  |2 rdamedia 
338 |a online resource  |b cr  |2 rdacarrier 
490 1 |a Studies in security and international affairs 
504 |a Includes bibliographical references and index. 
520 |a "For decades, studies of oil-related conflicts focused on the causes and effects of natural resources mismanagement, commonly known as the "resource curse"-the paradoxical connection between oil wealth and economic busts (as in Venezuela) or, in a later twist, the link between the predatory behavior of armed rebel organizations and the abundant natural resources that funded their existence. Patricia Vasquez notes that oil busts and civil wars associated with the resource curse were quite different from the now-predominant local hydrocarbons disputes that are multiplying rapidly in Latin America. These more recent, localized disputes-over land, population displacement, water contamination, oil jobs that are promised but never materialize, etc.-primarily involve Indigenous groups with a different social and cultural identity from the rest of the population. Vasquez spent fifteen years making regular field visits to the oil-producing regions of Latin America and conducting hundreds of interviews with the various stakeholders in these local conflicts. Her book, based on this field research, analyzes the dynamics that characterize each of fifty-five social and environmental conflicts related to oil and gas extraction in the Andean countries (Peru, Ecuador, and Columbia). She is interested not in promulgating a new theory of conflict but in examining the triggers of local hydrocarbons disputes and providing policy recommendations to resolve or prevent them"--  |c Provided by publisher. 
588 |a Description based on print version record. 
650 0 |a Petroleum industry and trade  |x Social aspects  |z South America. 
650 0 |a Petroleum industry and trade  |x Environmental aspects  |z South America. 
650 0 |a Indians of South America  |x Social conditions. 
650 0 |a Social conflict  |z South America. 
655 7 |a Electronic books.  |2 local 
710 2 |a ebrary, Inc. 
776 0 8 |i Print version:  |a Vasquez, Patricia I.  |t Oil sparks in the Amazon : local conflicts, indigenous populations, and natural resources.  |d Athens, Georgia : University of Georgia Press, [2014]  |h xix, 187 pages  |k Studies in security and international affairs  |z 9780820345611  |w (DLC) 2013014541 
830 0 |a Studies in security and international affairs. 
856 4 1 |u https://ebookcentral.proquest.com/lib/tamucs/detail.action?docID=1441669  |y Connect to the full text of this electronic book  |t 0 
999 f f |s 8ee00e1d-f237-373d-85f0-509437ded347  |i 0e4a8b0e-b561-3e10-8962-640f72959213  |t 0 
999 |a MARS 
952 f f |a Texas A&M University  |b College Station  |c Electronic Resources  |d Available Online  |t 0  |e HD9574.S62 V37 2014eb  |h Library of Congress classification 
998 f f |a HD9574.S62 V37 2014eb  |t 0  |l Available Online